Catálogo
 En Linea

Teoria general de la ocupacion, el interes y el dinero;. (Registro nro. 13468)

Detalles MARC
000 -CABECERA
campo de control de longitud fija 00632cam a2200193u 4500
001 - NÚMERO DE CONTROL
campo de control 000013858
003 - IDENTIFICADOR DEL NÚMERO DE CONTROL
campo de control DO-SdBNP
005 - FECHA Y HORA DE LA ÚLTIMA TRANSACCIÓN
campo de control 20250707113359.0
008 - DATOS DE LONGITUD FIJA--INFORMACIÓN GENERAL
campo de control de longitud fija 840814s1945 mx 000 0 spa
010 ## - NÚMERO DE CONTROL DE LA BIBLIOTECA DEL CONGRESO
Número de control de LC 47015214
040 ## - FUENTE DE LA CATALOGACIÓN
Centro catalogador/agencia de origen DO-SdBNP
Lengua de catalogación spa
Centro/agencia transcriptor BNPHU
100 1# - ENTRADA PRINCIPAL--NOMBRE DE PERSONA
Nombre de persona Keynes, John Maynard,
Fechas asociadas al nombre 1883-1946.
9 (RLIN) 31388
240 10 - TÍTULO UNIFORME
Título uniforme General theory of employment, interest and money.
245 10 - MENCIÓN DE TÍTULO
Título Teoria general de la ocupacion, el interes y el dinero;.
260 ## - PUBLICACIÓN, DISTRIBUCIÓN, ETC.
Lugar de publicación, distribución, etc. Mexico, :
Nombre del editor, distribuidor, etc. Fondo de cultura economica,
Fecha de publicación, distribución, etc. [1945].
700 1# - PUNTO DE ACCESO ADICIONAL--NOMBRE DE PERSONA
Nombre de persona Hornedo, Eduardo, [from old catalog]
Término indicativo de función/relación tr.
9 (RLIN) 31391
910 ## - DATOS DE OPCIÓN DEL USUARIO (OCLC)
Datos de opción del usuario Catalogación derivada
942 ## - ELEMENTOS DE PUNTO DE ACCESO ADICIONAL (KOHA)
Fuente del sistema de clasificación o colocación Dewey Decimal Classification
Tipo de ítem Koha Libro
Existencias
Estado de retiro Estado de pérdida Restricciones de uso No para préstamo Código de colección Localización permanente Ubicación/localización actual Ubicación en estantería Fecha de adquisición Número de inventario Total de préstamos Signatura topográfica completa Código de barras Fecha visto por última vez Precio válido a partir de Tipo de ítem Koha
    Préstamo interno   Monografías: Libros y Folletos General General En catalogación 30.11.2009 LF1   13858-10 25.06.2020 25.06.2020 Préstamo interno

Con tecnología Koha